| 000 | 00869nam a22002057a 4500 | ||
|---|---|---|---|
| 999 |
_c13009 _d13009 |
||
| 003 | AR-CdUCM | ||
| 008 | 190410b ||||| |||| 00| 0 spa d | ||
| 020 | _a84-88988-23-0 | ||
| 040 |
_aMUNICIPALIDAD PROVINCIAL DEL CUSCO _cBIBLIOTECA MUNICIPAL DEL CUSCO |
||
| 082 |
_a712 / _bAR772 |
||
| 110 |
_aLa casa y el Lugar _931170 |
||
| 245 |
_aArquitectura y memoria en el barrio de : _bEl Pópulo Cádiz / |
||
| 260 |
_aSevilla : _bLa casa y el Lugar, _c1998 |
||
| 300 |
_a128 páginas ; _bPlanos, Mapas,Gráficos, Fotografías, _c30 cm. |
||
| 505 | _aContenido: Arquitectura y memoria en el barrio de El Pópulo en Cádiz -- Trazas y sedimentos en el territorio y en la ciudad -- Levantamiento y planimetría -- La casa-patio en el barrio de El Pópulo ... | ||
| 650 |
_aArquitectura _93356 |
||
| 650 |
_aEspaña _9176 |
||
| 942 |
_2ddc _cLIBROS |
||
| 945 |
_acmm _d2019-04-10 |
||